书目信息 |
| 题名: |
船闸引航道口门区导流墩技术研究及案例解析
|
|
| 作者: | 李君涛 , 郝品正 , 冯小香 , 普晓刚 著 | |
| 分册: | ||
| 出版信息: | 北京 人民交通出版社股份有限公司 2017.05 |
|
| 页数: | 90页 | |
| 开本: | 23cm | |
| 丛书名: | ||
| 单 册: | ||
| 中图分类: | U641.2 | |
| 科图分类: | ||
| 主题词: | 船闸--chuan zha--引航道--导流--研究 | |
| 电子资源: | ||
| ISBN: | 978-7-114-13830-0 | |
| 000 | 01308nam0 2200325 450 | |
| 001 | CAL 0120172282137 | |
| 005 | 20170930112955.3 | |
| 010 | @a978-7-114-13830-0@dCNY36.00 | |
| 100 | @a20170929d2017 em y0chiy50 ea | |
| 101 | 0 | @achi |
| 102 | @aCN@b110000 | |
| 105 | @aak a 000yy | |
| 106 | @ar | |
| 200 | 1 | @a船闸引航道口门区导流墩技术研究及案例解析@Achuan zha yin hang dao kou men qu dao liu dun ji shu yan jiu ji an li jie xi@f李君涛 ... [等] 著@Fli jun tao ... [ deng ] zhu |
| 210 | @a北京@c人民交通出版社股份有限公司@d2017.05 | |
| 215 | @a90页@c图@d23cm | |
| 304 | @a题名页题其余责任者: 郝品正, 冯小香, 普晓刚 | |
| 312 | @a英文题名取自封面 | |
| 320 | @a有书目 (第88-90页) | |
| 330 | @a本书内容包括: 船闸引航道口门区流场特征、流场理论分析、口门区水流对船舶航行影响理论分析、导流墩改善水流条件机理、布置规律以及工程应用实例分析等。 | |
| 510 | 1 | @aTechnological research and case analysis of diversion pier at the entrance of ship lock approach channel@zeng |
| 586 | @a | |
| 606 | 0 | @a船闸@Achuan zha@x引航道@x导流@x研究 |
| 690 | @aU641.2@v5 | |
| 701 | 0 | @a李君涛@Ali jun tao@4著 |
| 701 | 0 | @a郝品正@Ahao pin zheng@4著 |
| 701 | 0 | @a冯小香@Afeng xiao xiang@4著 |
| 701 | 0 | @a普晓刚@Apu xiao gang@4著 |
| 801 | 0 | @aCN@c20170929 |
| 905 | @a河南城建学院图书馆@dU641.2@eL186@f2 | |
| 船闸引航道口门区导流墩技术研究及案例解析/李君涛 ... [等] 著.-北京:人民交通出版社股份有限公司,2017.05 |
| 90页:图;23cm |
| ISBN 978-7-114-13830-0:CNY36.00 |
| 本书内容包括: 船闸引航道口门区流场特征、流场理论分析、口门区水流对船舶航行影响理论分析、导流墩改善水流条件机理、布置规律以及工程应用实例分析等。 |
| ● |
| 相关链接 |
|
|
|
正题名:船闸引航道口门区导流墩技术研究及案例解析
索取号:U641.2/L186
 
预约/预借
| 序号 | 登录号 | 条形码 | 馆藏地/架位号 | 状态 | 备注 |
| 1 | 1408717 | 214087174 | 自科库501/501自科库 58排7列4层/ [索取号:U641.2/L186] | 在馆 | |
| 2 | 1408718 | 214087183 | 自科库501/501自科库 58排7列4层/ [索取号:U641.2/L186] | 在馆 |